Geographic Groups of Three #4 - Statistics

General Stats
  • This quiz has been taken 623 times
    63 since last reset
  • The average score is 22 of 36
Answer Stats
Clue Answer % Correct
North American country alternating 'A's Canada
98%
Countries in North America with exactly one border Canada
98%
Mainland constituent countries of the United Kingdom England
93%
Mainland constituent countries of the United Kingdom Scotland
93%
Mainland constituent countries of the United Kingdom Wales
93%
Capitals of South Africa Cape Town
91%
Countries in North America with exactly one border Dominican Republic
82%
Countries in North America with exactly one border Haiti
82%
Flags with only one white and one red horizontal stripe Poland
81%
North American country alternating 'A's Panama
79%
Capitals of South Africa Pretoria
79%
Flags with only one white and one red horizontal stripe Indonesia
77%
Constituent parts of the Kingdom of Denmark Greenland
74%
North American country alternating 'A's Bahamas
72%
Capitals of South Africa Bloemfontein
72%
Flags with only one white and one red horizontal stripe Monaco
72%
Cities with over 10 million people in a Southern Hemisphere continent São Paulo
72%
China Seas South China Sea
70%
Non-European EuroVision winners Israel
68%
New York City major islands Staten Island
67%
New York City major islands Long Island
63%
Non-European EuroVision winners Turkey
60%
China Seas East China Sea
56%
Non-European EuroVision winners Azerbaijan
54%
Constituent parts of the Kingdom of Denmark Denmark
54%
Constituent parts of the Kingdom of Denmark Faroe Islands
49%
New York City major islands Manhattan Island
42%
China Seas Yellow Sea
42%
Cities with over 10 million people in a Southern Hemisphere continent Kinshasa
37%
Cities with over 10 million people in a Southern Hemisphere continent Lagos
28%
Sign languages that are recognized as an official language New Zealand Sign Language
21%
Countries that have declared their name to be the same in all languages * Cote d'Ivoire
16%
Countries that have declared their name to be the same in all languages * Timor-Leste
14%
Countries that have declared their name to be the same in all languages * Cabo Verde
9%
Sign languages that are recognized as an official language Korean Sign Language
5%
Sign languages that are recognized as an official language PNG Sign Language
2%
No matching quizzes found
Score Distribution
Percent of People with Each Score
Percentile by Number Answered
Your Score History
You have not taken this quiz since the last reset